| Tag |
First Indicator |
Second Indicator |
Subfields |
| LEADER |
00000cam a2200000 4500 |
| 001 |
in00000033846 |
| 005 |
20151007063328.0 |
| 008 |
800702s1961 at a 00000beng |
| 010 |
|
|
|a 62002531
|
| 035 |
|
|
|a (OCoLC)06480713
|
| 035 |
|
|
|9 AAD7133AM
|
| 040 |
|
|
|a DLC
|c TXA
|d UtOrBLW
|
| 049 |
|
|
|a TXAM
|c [405011]
|
| 050 |
|
0 |
|a PR6023.I5815
|b Z68
|
| 092 |
|
|
|a 823
|b L725Yh
|
| 100 |
1 |
|
|a Hetherington, John,
|d 1907-1974.
|
| 245 |
1 |
0 |
|a Norman Lindsay.
|
| 264 |
|
1 |
|a Melbourne :
|b Lansdowne Press,
|c [1961]
|
| 300 |
|
|
|a 48 pages :
|b illustrations ;
|c 22 cm.
|
| 336 |
|
|
|a text
|b txt
|2 rdacontent
|
| 337 |
|
|
|a unmediated
|b n
|2 rdamedia
|
| 338 |
|
|
|a volume
|b nc
|2 rdacarrier
|
| 490 |
1 |
|
|a Australian writers and their work
|
| 600 |
1 |
0 |
|a Lindsay, Norman.
|
| 830 |
|
0 |
|a Australian writers and their work.
|
| 999 |
|
|
|a MARS
|
| 999 |
f |
f |
|s 01120546-cf9c-367b-9209-c0b1ec679ec0
|i c05f8dba-60ee-3b07-ae24-59ec444a8628
|t 0
|
| 952 |
f |
f |
|p ric
|a Texas A&M University
|b Rellis Campus
|c Joint Library Facility
|d Remote Storage
|t 0
|e PR6023.I5815 Z68
|h Library of Congress classification
|i unmediated -- volume
|m A14801323775
|
| 998 |
f |
f |
|a PR6023.I5815 Z68
|t 0
|l Remote Storage
|